[Event "Irish International Open 2019"]
[Site "Dublin IRL"]
[Date "2019.04.21"]
[Round "7.27"]
[White "Kalam, Abul"]
[Black "Hafstad, Leif"]
[Result "1-0"]
[WhiteElo "1804"]
[BlackElo "1857"]
[WhiteICU "1721"]
[WhiteClub "Rathmines"]
[WhiteNationality "IRL"]
[BlackNationality "ENG"]
[WhiteFideId "2501007"]
[BlackFideId "438030"]
[PlyCount "93"]
[EventDate "2019.04.17"]
[ICUid "50256"]
[HashCode "5c74d99b"]

{ Event information: <a
href="http://www.irlchess.com/irishopen2019_allfiles/pairings_irishopen2019.html">Tournament
report</a>. }

1. e4 c5 2. Nf3 e6 3. c3 Nf6 4. d3 Nc6 5. Na3 d5 6. Bg5 Be7 7. e5 Nd7 8.
Bxe7 Nxe7 9. d4 a6 10. Be2 O-O 11. Qd2 cxd4 12. cxd4 f6 13. exf6 Nxf6 14.
Bd3 Nf5 15. Nc2 Qd6 16. O-O Bd7 17. a4 Rac8 18. Rfe1 Be8 19. h3 Bf7 20. b4
Qc7 21. Rac1 Qc3 22. Qe2 Rfe8 23. b5 Nh5 24. g3 Bg6 25. Red1 axb5 26. axb5
Nfxg3 27. fxg3 Nxg3 28. Qe3 Bxd3 29. Rxd3 Qb2 30. Kg2 Ne4 31. Ne1 Rf8 32.
Kg1 Nc3 33. Ra1 Rf6 34. Ra3 Qxb5 35. Raxc3 Rxc3 36. Rxc3 Qf1+ 37. Kh2 Rf2+
38. Kg3 Rf6 39. Nf3 h6 40. Ne5 Rf5 41. Ne1 Rg5+ 42. Ng4 Kh7 43. Nf3 Rf5 44.
Qxe6 Rh5 45. Nf6+ gxf6 46. Qf7+ Kh8 47. Rc8# 1-0

[Event "Irish International Open 2019"]
[Site "Dublin IRL"]
[Date "2019.04.21"]
[Round "7.29"]
[White "Boyle, Bernard"]
[Black "Cafolla, Peter"]
[Result "0-1"]
[WhiteElo "1799"]
[BlackElo "1949"]
[WhiteICU "1708"]
[BlackICU "1931"]
[WhiteClub "Elm Mount"]
[BlackClub "Rathmines"]
[WhiteNationality "IRL"]
[BlackNationality "IRL"]
[WhiteFideId "2501830"]
[BlackFideId "2500884"]
[PlyCount "64"]
[EventDate "2019.04.17"]
[HashCode "42d853f9"]

{ Event information: <a
href="http://www.irlchess.com/irishopen2019_allfiles/pairings_irishopen2019.html">Tournament
report</a>. }

1. d4 b5 2. Bf4 Bb7 3. e3 b4 4. Nf3 e6 5. Nbd2 Nf6 6. Bd3 Be7 7. h3 d6 8.
O-O Nbd7 9. a3 a5 10. axb4 axb4 11. e4 O-O 12. e5 Nd5 13. Bg3 dxe5 14. Nxe5
N5f6 15. Qe2 c5 16. Nxd7 Qxd7 17. dxc5 Bxc5 18. Nf3 Qc6 19. Bb5 Qe4 20. Bd3
Qxe2 21. Bxe2 Ne4 22. Rxa8 Rxa8 23. Bc7 Nxf2 24. Kh2 Bd5 25. c4 bxc3 26.
bxc3 Ra2 27. Rb1 f6 28. Rb8+ Kf7 29. Bb5 g5 30. Nd4 Nd1 31. Ne2 Nxc3 32.
Nxc3 Rxg2+ 0-1

[Event "Irish International Open 2019"]
[Site "Dublin IRL"]
[Date "2019.04.21"]
[Round "7.30"]
[White "Jocius, Donatas"]
[Black "Plaza Reino, Mercedes"]
[Result "0-1"]
[WhiteElo "1773"]
[BlackElo "1927"]
[WhiteICU "1664"]
[BlackICU "1893"]
[WhiteClub "Rathmines"]
[BlackClub "Enniscorthy"]
[WhiteNationality "IRL"]
[BlackNationality "IRL"]
[WhiteFideId "2509032"]
[BlackFideId "24511951"]
[PlyCount "176"]
[EventDate "2019.04.17"]
[HashCode "b041c32f"]

{ Event information: <a
href="http://www.irlchess.com/irishopen2019_allfiles/pairings_irishopen2019.html">Tournament
report</a>. }

1. c4 e5 2. g3 Nf6 3. d4 exd4 4. Qxd4 Nc6 5. Qd1 Be7 6. Bg2 O-O 7. Nf3 d6
8. O-O Re8 9. Nc3 h6 10. a3 a5 11. b3 Nd7 12. Nd5 Bf8 13. Bb2 Nce5 14. Nd4
c6 15. Ne3 Qc7 16. Rc1 Nc5 17. b4 axb4 18. axb4 Na4 19. Ba1 Nb6 20. Nf3 Be6
21. c5 Nxf3+ 22. Bxf3 dxc5 23. bxc5 Nd7 24. Qd4 Red8 25. Ng4 Bxg4 26. Qxg4
Ne5 27. Bxe5 Qxe5 28. Rb1 Ra7 29. Rfc1 Bxc5 30. Qc4 Bf8 31. Rc3 Qd4 32. Qb3
Ra3 33. Qxa3 Bxa3 34. Rxa3 Qc5 35. Rbb3 g6 36. Rc3 Qe7 37. Rab3 Rd7 38. Kg2
Rc7 39. Rb1 h5 40. h3 Qd6 41. Rd3 Qc5 42. Rd8+ Kg7 43. Ra1 b5 44. Rb8 Qc4
45. Rb1 Rd7 46. Rb6 Rc7 47. Rb8 Qc5 48. Rb2 Qe7 49. Rb1 Qd7 50. Rb2 Rb7 51.
Ra8 Rb6 52. g4 hxg4 53. hxg4 c5 54. Rba2 c4 55. R2a7 Qe6 56. Rc7 b4 57.
Rcc8 g5 58. Rc5 Qe7 59. Rxc4 b3 60. Rcc8 Rb4 61. Rh8 Qd6 62. Rhd8 Qc5 63.
Rac8 Qa7 64. Rg8+ Kf6 65. Rc6+ Ke7 66. Rxg5 b2 67. Re5+ Kf8 68. Rc8+ Kg7
69. Rg5+ Kf6 70. Rf5+ Ke7 71. Bd5 Rxg4+ 72. Kf3 Rg7 73. Be4 b1=Q 74. Re5+
Kd7 75. Bxb1 Kxc8 76. Bf5+ Kd8 77. Rd5+ Ke7 78. Be4 Qa3+ 79. e3 Ke6 80. Rb5
Qd6 81. Bf5+ Kf6 82. Be4 Rg5 83. Rb1 Rh5 84. Rc1 Ke7 85. Ke2 Rc5 86. Rb1
Qa6+ 87. Kf3 Rb5 88. Rxb5 Qxb5 0-1

[Event "Irish International Open 2019"]
[Site "Dublin IRL"]
[Date "2019.04.21"]
[Round "7.31"]
[White "Halvorsen, Benjamin"]
[Black "Remenyik, David"]
[Result "1-0"]
[WhiteElo "1767"]
[BlackElo "1798"]
[BlackICU "1844"]
[WhiteNationality "NOR"]
[BlackNationality "IRL"]
[WhiteFideId "1516604"]
[BlackFideId "368178515"]
[PlyCount "75"]
[EventDate "2019.04.17"]
[HashCode "51e10315"]

{ Event information: <a
href="http://www.irlchess.com/irishopen2019_allfiles/pairings_irishopen2019.html">Tournament
report</a>. }

1. e4 e6 2. d4 d5 3. Nc3 Nf6 4. Bg5 Be7 5. e5 Nfd7 6. h4 h6 7. Bxe7 Qxe7 8.
Qg4 Kf8 9. Rh3 c5 10. Rg3 f5 11. exf6 Nxf6 12. Rf3 Nc6 13. dxc5 Ne5 14. Qf4
Nxf3+ 15. Nxf3 g5 16. hxg5 hxg5 17. Qxg5 Rh5 18. Qd2 Bd7 19. O-O-O Qxc5 20.
Qf4 Ke7 21. g4 Rh1 22. Ne5 Be8 23. Ne2 Ne4 24. Nd4 Rc8 25. f3 Nf2 26. Re1
Nh3 27. Qe3 Rh2 28. Bd3 Nf2 29. Bg6 Ne4 30. fxe4 Rxc2+ 31. Kb1 Bxg6 32.
Nxg6+ Kf7 33. Ne5+ Ke8 34. Nxc2 Qxc2+ 35. Ka1 d4 36. Qf4 Rc7 37. Rf1 Ke7
38. Qf8# 1-0

[Event "Irish International Open 2019"]
[Site "Dublin IRL"]
[Date "2019.04.21"]
[Round "7.32"]
[White "Sokolinsky, Yaakov"]
[Black "Tempany, Max"]
[Result "1/2-1/2"]
[WhiteElo "1884"]
[BlackElo "1519"]
[BlackICU "1400"]
[BlackClub "Gonzaga"]
[WhiteNationality "ISR"]
[BlackNationality "IRL"]
[WhiteFideId "2815435"]
[BlackFideId "2511452"]
[PlyCount "64"]
[EventDate "2019.04.17"]
[HashCode "3770a57e"]

{ Event information: <a
href="http://www.irlchess.com/irishopen2019_allfiles/pairings_irishopen2019.html">Tournament
report</a>. }

1. e4 c5 2. Nf3 d6 3. d4 cxd4 4. Nxd4 Nf6 5. Nc3 a6 6. Bg5 e6 7. f4 h6 8.
Bh4 Qb6 9. Qd2 Qxb2 10. Rb1 Qa3 11. Be2 Be7 12. Bf2 Qa5 13. O-O Nbd7 14.
Nb3 Qc7 15. a4 b6 16. Bf3 Bb7 17. Rfe1 Rb8 18. Re3 e5 19. f5 Nc5 20. Nxc5
bxc5 21. Ree1 Qa5 22. Qe3 Qc7 23. g4 Nh7 24. h4 Qd8 25. Rb3 Bc6 26. Rxb8
Qxb8 27. Qd3 Qa8 28. Rb1 O-O 29. Rb6 Bb7 30. Nd5 Bxd5 31. exd5 a5 32. Qb5
Qd8 1/2-1/2

[Event "Irish International Open 2019"]
[Site "Dublin IRL"]
[Date "2019.04.21"]
[Round "7.33"]
[White "Avetisyan, Gagik"]
[Black "Opseth, Oliver"]
[Result "1/2-1/2"]
[WhiteElo "1474"]
[BlackElo "1739"]
[WhiteICU "1541"]
[WhiteClub "Armenian C.C."]
[WhiteNationality "IRL"]
[BlackNationality "NOR"]
[WhiteFideId "2512270"]
[BlackFideId "1523813"]
[PlyCount "82"]
[EventDate "2019.04.17"]
[HashCode "504f4e56"]

{ Event information: <a
href="http://www.irlchess.com/irishopen2019_allfiles/pairings_irishopen2019.html">Tournament
report</a>. }

1. d4 Nf6 2. c4 g6 3. Nc3 Bg7 4. e4 d6 5. Nf3 O-O 6. Be2 Nc6 7. d5 Ne5 8.
Nxe5 dxe5 9. Be3 Ne8 10. f3 f5 11. c5 e6 12. Bc4 Qe7 13. Qb3 Kh8 14. dxe6
c6 15. O-O-O f4 16. Bf2 Rf6 17. Bh4 Qxc5 18. Bxf6 Bxf6 19. Na4 Qe7 20. Nc3
b5 21. Nxb5 cxb5 22. Qxb5 Bxe6 23. Bxe6 Qxe6 24. Qd5 Rc8+ 25. Kb1 Qb6 26.
Qf7 Bg7 27. h4 Nf6 28. Rc1 Rb8 29. Rc2 a5 30. Rhc1 Qd8 31. Rc7 Ne8 32. Rd7
Qb6 33. b3 a4 34. Re7 Qb5 35. Kb2 a3+ 36. Kxa3 Qb4+ 37. Kb2 Qd2+ 38. Rc2
Qd4+ 39. Kc1 Qg1+ 40. Kb2 Qd4+ 41. Rc3 Qf2+ 1/2-1/2

[Event "Irish International Open 2019"]
[Site "Dublin IRL"]
[Date "2019.04.21"]
[Round "7.35"]
[White "Mancin, Michele"]
[Black "Honner, Mervyn"]
[Result "0-1"]
[WhiteElo "1706"]
[BlackElo "1441"]
[BlackICU "1226"]
[BlackClub "Bray"]
[WhiteNationality "ITA"]
[BlackNationality "IRL"]
[WhiteFideId "824780"]
[BlackFideId "2504847"]
[PlyCount "74"]
[EventDate "2019.04.17"]
[HashCode "4c1686cf"]

{ Event information: <a
href="http://www.irlchess.com/irishopen2019_allfiles/pairings_irishopen2019.html">Tournament
report</a>. }

1. e4 e5 2. Nf3 Nc6 3. Bb5 a6 4. Ba4 Be7 5. c3 b5 6. Bc2 Nf6 7. d3 O-O 8.
O-O d5 9. h3 dxe4 10. dxe4 Bc5 11. Qe2 Bd7 12. Rd1 Qc8 13. Kh2 h6 14. Be3
Be7 15. Nbd2 Kh7 16. Nb3 g5 17. Nc5 Bxc5 18. Bxc5 Rg8 19. Ng1 g4 20. h4 Nh5
21. g3 Be6 22. Be3 Rg6 23. Rd2 Na5 24. b3 Nb7 25. Rad1 Nd6 26. Bd3 Qb7 27.
Bc5 Rd8 28. Bxd6 cxd6 29. c4 bxc4 30. Bxc4 Nf6 31. Bxe6 fxe6 32. Rxd6 Rxd6
33. Rxd6 Nxe4 34. Rd3 Rf6 35. f4 exf4 36. gxf4 Rxf4 37. Qe3 Rf2+ 0-1

[Event "Irish International Open 2019"]
[Site "Dublin IRL"]
[Date "2019.04.21"]
[Round "7.36"]
[White "Dimitrov, Nikolai"]
[Black "Saynajakangas, Kirsi"]
[Result "0-1"]
[WhiteElo "1411"]
[BlackElo "1693"]
[WhiteICU "1131"]
[WhiteClub "Skerries"]
[WhiteNationality "IRL"]
[BlackNationality "FIN"]
[WhiteFideId "2511649"]
[BlackFideId "502294"]
[PlyCount "47"]
[EventDate "2019.04.17"]
[HashCode "31b63015"]

{ Event information: <a
href="http://www.irlchess.com/irishopen2019_allfiles/pairings_irishopen2019.html">Tournament
report</a>. }

1. c4 f5 2. Nf3 Nf6 3. Nc3 g6 4. d4 Bg7 5. Bg5 h6 6. Bf4 d6 7. Nh4 g5 8.
Ng6 gxf4 9. Nxh8 Bxh8 10. Qd3 Nc6 11. a3 e5 12. d5 e4 13. Qh3 Ne5 14. Qxh6
Ke7 15. b3 Qg8 16. Qxf4 Qg7 17. Rc1 Bd7 18. h3 a6 19. f3 exf3 20. exf3 Qxg2
21. Rh2 Nd3+ 22. Kd1 Qxf1+ 23. Kc2 Ne1+ 24. Kb1 0-1

[Event "Irish International Open 2019"]
[Site "Dublin IRL"]
[Date "2019.04.21"]
[Round "7.37"]
[White "Carolan, James"]
[Black "Whelan, Niall P."]
[Result "1-0"]
[WhiteElo "1268"]
[BlackElo "1620"]
[WhiteICU "1243"]
[BlackICU "1373"]
[WhiteClub "Sligo"]
[BlackClub "Rathmines"]
[WhiteNationality "IRL"]
[BlackNationality "IRL"]
[WhiteFideId "2513072"]
[BlackFideId "2500809"]
[PlyCount "69"]
[EventDate "2019.04.17"]
[HashCode "458aad78"]

{ Event information: <a
href="http://www.irlchess.com/irishopen2019_allfiles/pairings_irishopen2019.html">Tournament
report</a>. }

1. e4 c5 2. Nf3 e6 3. Nc3 a6 4. a4 g6 5. d4 cxd4 6. Qxd4 Qf6 7. e5 Qd8 8.
Ne4 Nc6 9. Nd6+ Bxd6 10. Qxd6 Qa5+ 11. Bd2 Qb6 12. Bd3 Nge7 13. a5 Qxb2 14.
O-O Nf5 15. Qc7 Ncd4 16. Nxd4 Qxd4 17. Bg5 O-O 18. Bf6 Ng7 19. Qd6 Qxd6 20.
exd6 Nh5 21. Be7 Re8 22. Ra4 Rb8 23. Rb1 Ng7 24. g4 b5 25. axb6 Bb7 26.
Bxa6 Rec8 27. Bxb7 Rxb7 28. Ra7 Rcb8 29. Rxb7 Rxb7 30. Ra1 h5 31. Ra7 Rxb6
32. Rxd7 hxg4 33. Rc7 Nf5 34. d7 Rb1+ 35. Kg2 1-0

[Event "Irish International Open 2019"]
[Site "Dublin IRL"]
[Date "2019.04.21"]
[Round "7.40"]
[White "Loughran, John"]
[Black "Jordan, Felix"]
[Result "1/2-1/2"]
[WhiteElo "1669"]
[BlackElo "1538"]
[WhiteICU "1548"]
[BlackICU "1442"]
[WhiteClub "Skerries"]
[BlackClub "St. Benildus"]
[WhiteNationality "IRL"]
[BlackNationality "IRL"]
[WhiteFideId "2501562"]
[BlackFideId "2510324"]
[PlyCount "102"]
[EventDate "2019.04.17"]
[HashCode "6fcae9f1"]

{ Event information: <a
href="http://www.irlchess.com/irishopen2019_allfiles/pairings_irishopen2019.html">Tournament
report</a>. }

1. Nf3 Nf6 2. c4 e6 3. g3 d5 4. Bg2 c6 5. cxd5 exd5 6. d4 Bb4+ 7. Bd2 Be7
8. O-O Bf5 9. Nc3 O-O 10. h3 Nbd7 11. Nh4 Bg6 12. Nxg6 fxg6 13. Qb3 Qb6 14.
Qxb6 Nxb6 15. Rad1 Rfe8 16. Bf4 Rad8 17. Rfe1 Nh5 18. Be5 Nd7 19. e3 Bb4
20. g4 Nhf6 21. f4 Nb6 22. Re2 Bxc3 23. bxc3 Ne4 24. Bxe4 dxe4 25. Rb1 Rd7
26. Reb2 Ree7 27. Kf2 Nc4 28. Rb4 b5 29. Ke2 a5 30. R4b3 a4 31. Rb4 Rf7 32.
Rd1 Nb6 33. Rbb1 Nd5 34. Kd2 Nb6 35. Rf1 Nc4+ 36. Ke2 Rde7 37. Rf2 g5 38.
Rbf1 Re8 39. fxg5 Rxf2+ 40. Rxf2 Nxe5 41. dxe5 Rxe5 42. Rf5 Rd5 43. Rxd5
cxd5 44. Kf2 Kf7 45. Kg3 Ke7 46. Kf4 Ke6 47. h4 g6 48. h5 a3 49. Kg3 Kd6
50. Kf4 Ke6 51. hxg6 hxg6 1/2-1/2

[Event "Irish International Open 2019"]
[Site "Dublin IRL"]
[Date "2019.04.21"]
[Round "7.41"]
[White "Bergin, Cian"]
[Black "Farrelly, Eoin"]
[Result "0-1"]
[WhiteElo "1512"]
[BlackElo "1644"]
[BlackICU "1384"]
[WhiteNationality "IRL"]
[BlackNationality "IRL"]
[WhiteFideId "2512572"]
[BlackFideId "2510359"]
[PlyCount "22"]
[EventDate "2019.04.17"]
[HashCode "156b1f83"]

{ Event information: <a
href="http://www.irlchess.com/irishopen2019_allfiles/pairings_irishopen2019.html">Tournament
report</a>. }

1. e4 e6 2. d4 d5 3. Bd3 dxe4 4. Bxe4 Nf6 5. Bf3 c5 6. Ne2 Nc6 7. Be3 Qb6
8. dxc5 Bxc5 9. Bxc5 Qxc5 10. c3 Ne5 11. Nd2 $4 Nd3+ 0-1

[Event "Irish International Open 2019"]
[Site "Dublin IRL"]
[Date "2019.04.21"]
[Round "7.44"]
[White "Doyle, Peter"]
[Black "Robinson, Nette"]
[Result "1-0"]
[WhiteElo "1420"]
[BlackElo "1343"]
[WhiteICU "1219"]
[WhiteClub "Cork"]
[WhiteNationality "IRL"]
[BlackNationality "ENG"]
[WhiteFideId "2510219"]
[BlackFideId "441996"]
[PlyCount "87"]
[EventDate "2019.04.17"]
[HashCode "55cda98f"]

{ Event information: <a
href="http://www.irlchess.com/irishopen2019_allfiles/pairings_irishopen2019.html">Tournament
report</a>. }

1. c4 c5 2. g3 Nc6 3. Bg2 Nf6 4. Nc3 e6 5. d3 d5 6. e3 dxc4 7. Bxc6+ bxc6
8. dxc4 Qxd1+ 9. Nxd1 Be7 10. Nf3 Ne4 11. b3 Bf6 12. Rb1 O-O 13. O-O Re8
14. Ba3 e5 15. Rb2 Bg4 16. Kg2 Re6 17. Ne1 Be7 18. f3 Rd8 19. Nf2 Nxf2 20.
Kxf2 Bh5 21. e4 g5 22. g4 Bg6 23. Ke2 h5 24. h3 Kg7 25. Nd3 hxg4 26. hxg4
Rh8 27. Ke3 Rh3 28. Rd2 Bd6 29. Bxc5 Bxc5+ 30. Nxc5 Re7 31. Rd7 Kf8 32.
Rxe7 Kxe7 33. Rd1 Kf8 34. Rd7 f5 35. exf5 Bxf5 36. gxf5 g4 37. Kf2 Rh2+ 38.
Kg3 Rxa2 39. Kxg4 Rf2 40. Kh3 Re2 41. Rxa7 Re3 42. Kg4 Re1 43. Kg5 Rd1 44.
Ne6+ 1-0

[Event "Irish International Open 2019"]
[Site "Dublin IRL"]
[Date "2019.04.21"]
[Round "8.8"]
[White "O'Donnell, Conor"]
[Black "Menzies, Colin"]
[Result "1-0"]
[WhiteTitle "FM"]
[WhiteElo "2369"]
[BlackElo "2183"]
[WhiteICU "2341"]
[WhiteClub "Gonzaga"]
[WhiteNationality "IRL"]
[BlackNationality "IRL"]
[WhiteFideId "2504243"]
[BlackFideId "2502755"]
[PlyCount "191"]
[EventDate "2019.04.17"]
[ICUid "50264"]
[HashCode "bc2317c5"]

{ Event information: <a
href="http://www.irlchess.com/irishopen2019_allfiles/pairings_irishopen2019.html">Tournament
report</a>. }

1. d4 Nf6 2. c4 b6 3. f3 Nc6 4. Nc3 e5 5. d5 Ne7 6. g4 Ng6 7. h4 h5 8. g5
Ng8 9. a3 f5 10. gxf6 gxf6 11. Qd3 Kf7 12. d6 Bb7 13. dxc7 Qxc7 14. Nh3 Bc5
15. Nf2 N8e7 16. Nfe4 Rhd8 17. Nxc5 Qxc5 18. Be3 Qc6 19. Rg1 Ba6 20. b3 d5
21. cxd5 Rxd5 22. Qc2 Bc8 23. Bf2 Be6 24. Rc1 Rc8 25. b4 Rd7 26. e4 Rdc7
27. Qd2 Nf4 28. Ba6 Rd7 29. Qc2 Bc4 30. Bxc8 Qxc8 31. Nd5 Bxd5 32. Qxc8
Nxc8 33. Rxc8 Bb3 34. Be3 Rd1+ 35. Kf2 Nh3+ 36. Kg2 Nxg1 37. Bxg1 Be6 38.
Ra8 Rd7 39. a4 Bc4 40. Be3 Kg6 41. Kf2 f5 42. exf5+ Kxf5 43. a5 bxa5 44.
bxa5 e4 45. fxe4+ Kxe4 46. Bxa7 Kd3 47. Bb6 Rf7+ 48. Kg3 Rg7+ 49. Kf4 Rg4+
50. Kf5 Rxh4 51. a6 Bxa6 52. Rxa6 Rg4 53. Bd8 Rg8 54. Bg5 h4 55. Bxh4 Rf8+
56. Bf6 Rg8 57. Rd6+ Kc4 58. Be5 Rf8+ 59. Ke4 Rf1 60. Rc6+ Kb5 61. Rc8 Rh1
62. Kd5 Rh5 63. Rb8+ Ka5 64. Kd4 Rg5 65. Bd6 Rg4+ 66. Kc5 Rg5+ 67. Kc6 Ka4
68. Rb4+ Ka5 69. Rb3 Rg4 70. Rh3 Re4 71. Rg3 Rh4 72. Re3 Rg4 73. Be7 Rg6+
74. Kc5 Ka4 75. Rf3 Rh6 76. Kc4 Ka5 77. Bc5 Rh4+ $2 (77... Ka6 $1 $10) 78.
Bd4 Ka4 79. Rf7 Rh5 80. Rg7 Rf5 81. Be3 Rh5 82. Rf7 Rh4+ 83. Bd4 Rh5 84.
Rf1 Rh3 85. Rg1 Rf3 86. Rg4 $2 Rh3 $2 (86... Rb3 $1 $10) 87. Bc5 $2 Rh1 $2
(87... Rb3 $1 $10) 88. Bd4 $2 (88. Bg1 $1 $18) 88... Rh3 $2 (88... Rb1 $10)
(88... Rc1+ $10) 89. Rg7 Rh5 90. Ra7+ Ra5 91. Rf7 Rh5 92. Rg7 Rf5 93. Be3
Rh5 94. Bg5 Ka5 95. Rg6 Rh2 96. Bd8+ 1-0

[Event "Irish International Open 2019"]
[Site "Dublin IRL"]
[Date "2019.04.21"]
[Round "8.16"]
[White "Mihalik, Agoston"]
[Black "Kalam, Abul"]
[Result "1-0"]
[WhiteElo "2203"]
[BlackElo "1804"]
[BlackICU "1721"]
[BlackClub "Rathmines"]
[WhiteNationality "HUN"]
[BlackNationality "IRL"]
[WhiteFideId "719021"]
[BlackFideId "2501007"]
[PlyCount "69"]
[EventDate "2019.04.17"]
[ICUid "50272"]
[HashCode "4043c2b6"]

{ Event information: <a
href="http://www.irlchess.com/irishopen2019_allfiles/pairings_irishopen2019.html">Tournament
report</a>. }

1. e4 c5 2. Nf3 e6 3. b3 Ne7 4. Bb2 Nbc6 5. Bb5 a6 6. Bxc6 Nxc6 7. O-O d6
8. d4 cxd4 9. Nxd4 Qc7 10. c4 h5 11. Nc3 Bd7 12. Re1 f6 13. Rc1 Nxd4 14.
Qxd4 Kf7 15. Kh1 Be7 16. f4 Qc5 17. Qd2 h4 18. h3 Bc6 19. Rf1 g6 20. a4 Rh5
21. Qe2 Rah8 22. Nb1 Qb6 23. Nd2 Rg8 24. Bc3 Qc7 25. Rce1 Rh6 26. Nf3 Qc8
27. Rf2 Ke8 28. a5 f5 29. Ng5 fxe4 30. Nxe4 Bxe4 31. Qxe4 Kf7 32. b4 Bf6
33. Bxf6 Kxf6 34. Rfe2 Re8 35. Rd2 1-0

[Event "Irish International Open 2019"]
[Site "Dublin IRL"]
[Date "2019.04.21"]
[Round "8.19"]
[White "Scott, Luke"]
[Black "Melaugh, Gavin"]
[Result "0-1"]
[WhiteElo "1881"]
[BlackElo "2109"]
[WhiteICU "1976"]
[BlackICU "2058"]
[WhiteClub "T.C.D."]
[BlackClub "T.C.D."]
[WhiteNationality "IRL"]
[BlackNationality "IRL"]
[WhiteFideId "2507986"]
[BlackFideId "2509571"]
[PlyCount "90"]
[EventDate "2019.04.17"]
[ICUid "50275"]
[HashCode "4d350aaf"]

{ Event information: <a
href="http://www.irlchess.com/irishopen2019_allfiles/pairings_irishopen2019.html">Tournament
report</a>. }

1. d4 e6 2. c4 f5 3. Nc3 Nf6 4. Bg5 Bb4 5. Nf3 O-O 6. g3 d6 7. Rc1 Qe8 8.
Bxf6 Rxf6 9. Bg2 e5 10. dxe5 dxe5 11. Qd5+ Re6 12. c5 Kh8 13. a3 c6 14. Qc4
Ba5 15. O-O Rg6 16. e4 f4 17. Rfd1 Bc7 18. Ne2 Bg4 19. Rc2 Nd7 20. Rcd2 Rd8
21. Qc3 Rh6 22. Kh1 Qh5 23. Neg1 g5 24. h3 Rf6 25. Kh2 h6 26. Rd3 Rf7 27.
R1d2 Re8 28. Qc4 Nf6 29. Ne1 Be6 30. Qa4 fxg3+ 31. Rxg3 Ng4+ 32. Rxg4 Bxg4
33. Qxa7 Bc8 34. f3 Qh4 35. Nd3 Rd8 36. Qa4 Rfd7 37. Qd1 h5 38. Bf1 Rg7 39.
Kh1 g4 40. Nxe5 Rxd2 41. Qxd2 Bxe5 42. Qh6+ Kg8 43. Bc4+ Kf8 44. Qh8+ Ke7
45. Qxc8 Qg3 0-1

[Event "Irish International Open 2019"]
[Site "Dublin IRL"]
[Date "2019.04.21"]
[Round "8.24"]
[White "Carroll, Peter"]
[Black "Larter, Nick J."]
[Result "1-0"]
[WhiteElo "2006"]
[BlackElo "1830"]
[WhiteICU "2111"]
[BlackICU "1699"]
[WhiteClub "Gonzaga"]
[BlackClub "Ennis"]
[WhiteNationality "IRL"]
[BlackNationality "IRL"]
[WhiteFideId "2510243"]
[BlackFideId "2502240"]
[PlyCount "69"]
[EventDate "2019.04.17"]
[ICUid "50280"]
[HashCode "447fa330"]

{ Event information: <a
href="http://www.irlchess.com/irishopen2019_allfiles/pairings_irishopen2019.html">Tournament
report</a>. }

1. e4 c5 2. d4 cxd4 3. c3 dxc3 4. Nxc3 e6 5. Nf3 a6 6. Bc4 b5 7. Bb3 d6 8.
O-O Be7 9. Qe2 Ra7 10. Be3 Rd7 11. Rac1 Bb7 12. Rfd1 Nc6 13. Rd2 Na5 14.
Bxe6 fxe6 15. Nd4 Bf6 16. Nxe6 Qc8 17. Rdc2 Qc4 18. Qg4 Re7 19. Nd5 Bxd5
20. Rxc4 Bxe6 21. Rc8+ Kf7 22. Qf3 Bxc8 23. Rxc8 Re8 24. Qh5+ g6 25. Qd5+
Re6 26. f4 Ne7 27. Rc7 Rc8 28. Ra7 Nc6 29. f5 gxf5 30. exf5 Nxa7 31. Qxe6+
Kg7 32. Bh6+ Kxh6 33. Qxf6+ Kh5 34. Qxe7 Rc1+ 35. Kf2 1-0

[Event "Irish International Open 2019"]
[Site "Dublin IRL"]
[Date "2019.04.21"]
[Round "8.28"]
[White "Saynajakangas, Kirsi"]
[Black "Schmitz, Manuela"]
[Result "0-1"]
[BlackTitle "WFM"]
[WhiteElo "1693"]
[BlackElo "1968"]
[WhiteNationality "FIN"]
[BlackNationality "GER"]
[WhiteFideId "502294"]
[BlackFideId "4626001"]
[PlyCount "72"]
[EventDate "2019.04.17"]
[HashCode "4d432507"]

{ Event information: <a
href="http://www.irlchess.com/irishopen2019_allfiles/pairings_irishopen2019.html">Tournament
report</a>. }

1. d4 d5 2. Nf3 Nf6 3. Bf4 c5 4. e3 Qb6 5. Nc3 e6 6. Rb1 Be7 7. h3 O-O 8.
Be2 Bd7 9. O-O cxd4 10. exd4 a6 11. Bd3 Nc6 12. Ne2 Nb4 13. Ne5 Rfd8 14. c3
Nxd3 15. Qxd3 Bb5 16. Qf3 Qa5 17. Rfe1 Bxe2 18. Rxe2 Qxa2 19. Rbe1 Qa4 20.
Bg5 Qe8 21. Bxf6 Bxf6 22. g4 Bxe5 23. Rxe5 Qb5 24. R1e2 a5 25. g5 a4 26. h4
a3 27. bxa3 Rxa3 28. h5 Qb1+ 29. Re1 Qc2 30. g6 hxg6 31. Qg4 Rxc3 32. hxg6
Qxg6 33. Rg5 Qf6 34. Kg2 Rc2 35. Qh4 Rxf2+ 36. Kg1 Rf5 0-1